000 00825nam a22002177a 4500
999 _c11495
_d11495
003 AR-CdUCM
008 190404b ||||| |||| 00| 0 spa d
040 _aMUNICIPALIDAD PROVINCIAL DEL CUSCO
_cBIBLIOTECA MUNICIPAL DEL CUSCO
082 _a630.92 /
_bK84 /1945
100 _aKruif, Paul Henry de
_928894
245 _aLos vencedores del hambre :
_b(el maíz) /
260 _aMéxico, D.F :
_bSecretaria de Educación Pública,
_c1945.
300 _a94 paginas ;
_c20 cm.
440 _aBiblioteca enciclopedia popular
_n84
_928895
505 _aContenido :Los descubridores del maíz, antiguos y anónimos -- El padre del Maíz. Shull -- La renovación del viejo suelo. Hoffer.
650 _aMaíz
_920764
650 _aMexico
_918
650 _aDescubridores del maíz
_928896
942 _2ddc
_cLIBROS
945 _awnts